الإحصائيات لـ أكثر عشر دول بها جزر

أنقر هنا لكي تخضع للإختبار!

الإحصائيات العامة

  • هذا الإختبار تم الخضوع له 224 مره
  • الدرجة المتوسطة هي 5 من 10

إحصائيات الإجابة

الإجابةعدد الجزر% صحيح
اليابان6,852
76%
إندونيسيا17,504
74%
الولايات المتحدة الأمريكية18,617
65%
أستراليا8,222
62%
الصين | تشيلي5,000
60%
كندا52,455
58%
السويد267,570
38%
النرويج239,057
35%
الفليبين7,641
24%
فنلندا178,947
18%

توزيع النقاط

النسبة وفقا للأرقام

نسبة الأشخاص لكل درجة

سجل النقاط الخاصة بك

لم تضخع لهذا الإختبار